1250 1402 1371 1964 1501 1170 1266 1038 1730 1364 1405 1886 1015 1392 1814 1692 1027 1805 1629 1493 1778 1607 1321 1321 1018 1046 1904 1019 1707 1325 1474 1584 1110 1901 1155 1869 1056 1977 1120 1430 1984 1561 1409 1808 1993 1635 1149 1968 1607 2000 1261 1695 1344 1697 1971 1602 1603 1842 1744 1127 1782 1203 1982 1191 1039 1350 1059 1619 1717 1867 1442 1642 1631 1056 1132 1112 1946 1847 1488 1515 1229 1829 1910 1691 1764 1313 1025 1251 1438 1032 1491 1486 1461 1364 1370 1476 1743 1887 1753 BCNSPRNW ULIB Ver.6.0+V

เปลี่ยนเป็นภาษาไทย

Change to English
 แสดงรายละเอียดบรรณานุกรม
  กลับหน้าหลัก

Brief Record : Get Marc (ISO 2709) : E-mail record : QR code < ปิดหน้าต่าง
LEADER : 00000nam 2200000uu 4500
001    13399127068
003     ULIB
008    020711s2558 th a 000 0 tha d
020    ^a9786162276194
060    ^aWS103^bต-ม
100    ^aตุ๊บปอง
245    ^aไม่ ไป บอก ชุดคำพ่อสอน
250    ^aพิมพ์ครั้งที่ 1
260    ^aกรุงเทพฯ :^bบริษัท แปลน ฟอร์ คิดส์ จำกัด,^c2558
300    ^a24 หน้า;^b21 ซม.
650    ^aเด็ก^xการเรียนการสอน
945    ^p95^l0^i006256
999    ^aประนอม เกษจรัล
รายการนี้ยังไม่มีแท็ก
คุณยังไม่ได้ล็อกอิน คุณสามารถมีกิจกรรมร่วมกับเว็บไซต์ได้ แต่ต้องล็อกอินก่อน ::
  ล็อกอิน

รายการสื่อสารสนเทศ

ลำดับที่ ประเภท เลขเรียก/บาร์โค้ด สถานที่ สถานะ
1. วิทยาศาสตร์การแพทย์ และสุขภาพ
วิทยาศาสตร์การแพทย์ และสุขภาพ
WS103 ต-ม ฉ.1 
  Barcode: 006256
ห้องสมุดวิทยาเขตสวรรค์ประชารักษ์
►หนังสือทั่วไป
บนชั้น

รายการใกล้เคียง
    ผู้แต่ง [ตุ๊บปอง]

BibComment


ยังไม่เคยถูกคอมเมนท์

คอมเมนท์ทรัพยากรรายการนี้
  คอมเมนท์: ไม่ ไป บอก ชุดคำ..


 Copyright 2026. Bcnsprnw @Library